000 00631nam a2200205 a 4500
999 _c8437
_d8437
003 PK-NaQUE
005 20250507144243.0
008 250507b ||||| |||| 00| 0 eng d
020 _a0521628814 (paperback)
020 _a9780521628815 (paperback)
040 _cQUEST
100 1 _aRichards, Jack C.
245 1 0 _aInterchange 3: English for International Communication
250 _aStu Sub ed.
260 _a[S.l.] :
_bCambridge University Press,
_c1997.
300 _a152 p. ;
650 _aEnglish as an International Language
856 4 0 _uhttp://10.10.170.122:8080/browse/book/27235
_yDownload eBook
942 _cBK
_2ddc